000 00843nam a2200253 a 4500
001 BRCA_2855
005 20190320204012.0
008 101208s1691----fr-a######---#000-0#fre-u
041 _afre
044 _afr
050 4 _aF1230
_b.S65 1
_c1691
100 1 _aSolis y Rivadeneyra, Antonio de
_d1610-1686
_97980
245 1 0 _aHistoire de la conquéte du Mexique, ou de la Nouvelle Espagne
_ctraduite de l´espagnol de don Antoine de Solis.
260 _aParís
_bChez Jeremie Bouillerot
_c1691
300 _a630 p.
_bil. 13 láminas, mapas
_c23 cm.
500 _aIncluye índice de las cosas más notables de este libro
500 _aCon ex-libris de: American Chamber of Commerce
500 _aEjemplar igual a CG11
500 _aFondo reservado
500 _aB10
651 4 _aMéxico
_xHistoria
_9614
902 _aGFM
942 _2lcc
_cB
999 _c2594
_d2594